[Event "Copenhagen Chess Challenge 2014"]
[Site "Ballerup"]
[Date "2014.05.18"]
[Round "9"]
[White "Rydstrom, Tom"]
[Black "Sahl, Bjarke"]
[Result "1/2-1/2"]
[WhiteElo "2190"]
[BlackElo "2368"]
[PlyCount "176"]
[EventDate "2014.??.??"]
[EventType "swiss"]
[EventRounds "9"]
[EventCountry "DEN"]

1. e4 c5 2. Nf3 d6 3. d4 cxd4 4. Nxd4 Nf6 5. Nc3 a6 6. Bg5 e6 7. Be2 Be7 8. Qd2
b5 9. a4 b4 10. Na2 Nxe4 11. Bxe7 Qxe7 12. Qxb4 d5 13. O-O Qxb4 14. Nxb4 Bd7
15. a5 Ke7 16. c4 Nd2 17. Rfe1 Nxc4 18. Nxd5+ exd5 19. Bxc4+ Kd6 20. Bb3 Nc6
21. Red1 Rab8 22. Bxd5 Kxd5 23. Nxc6+ Kxc6 24. Rac1+ Kb5 25. Rxd7 Rhf8 26. Rd5+
Ka4 27. Rd6 Rfc8 28. Ra1+ Kb5 29. h4 Rb7 30. Re1 Rc5 31. Re3 Ra7 32. Ra3 Kb4
33. Rdd3 Rb5 34. g3 g6 35. Rdb3+ Kc4 36. Rc3+ Kb4 37. Kg2 Rxa5 38. Rcb3+ Kc4
39. Rc3+ Kb4 40. Rab3+ Ka4 41. Rb6 Rb5 42. Ra3+ Kb4 43. Rbxa6 Rxa6 44. Rxa6 Rb7
45. Ra3 Kc4 46. Re3 h5 47. b3+ Kd4 48. Kf3 Rb5 49. Re4+ Kd5 50. b4 Rb7 51. Ke3
Ra7 52. Rd4+ Kc6 53. Rf4 Kd5 54. Rd4+ Kc6 55. Kd3 Kb5 56. Ke4 Ra2 57. f3 Ra3
58. Kf4 Rb3 59. g4 f6 60. gxh5 gxh5 61. Rd5+ Kc6 62. Rxh5 Rxb4+ 63. Kf5 Kd6 64.
Rh6 Ke7 65. f4 Ra4 66. Rh7+ Kf8 67. Rb7 Kg8 68. h5 Ra1 69. Kxf6 Ra6+ 70. Kg5
Ra5+ 71. f5 Ra1 72. Kg6 Rg1+ 73. Kf6 Rh1 74. Rb8+ Kh7 75. Kf7 Rxh5 76. f6 Ra5
77. Re8 Ra6 78. Re1 Ra7+ 79. Re7 Ra8 80. Rb7 Rc8 81. Rd7 Ra8 82. Re7 Rb8 83.
Re2 Rb7+ 84. Ke8 Kg6 85. Rf2 Rb8+ 86. Ke7 Rb7+ 87. Ke6 Rb6+ 88. Kd7 Kf7 1/2-1/2

[Event "Copenhagen Chess Challenge 2014"]
[Site "Ballerup"]
[Date "2014.05.18"]
[Round "9"]
[White "Slettebo, Jan"]
[Black "Roneid, Heidi"]
[Result "0-1"]
[WhiteElo "2040"]
[BlackElo "1656"]
[PlyCount "56"]
[EventDate "2014.??.??"]
[EventType "swiss"]
[EventRounds "9"]
[EventCountry "DEN"]

1. e4 c5 2. Nf3 d6 3. d4 cxd4 4. Nxd4 Nf6 5. Nc3 g6 6. Be3 Bg7 7. f3 O-O 8. Qd2
Nc6 9. Bc4 Bd7 10. O-O-O Rc8 11. Bb3 Nxd4 12. Bxd4 b5 13. Bxa7 b4 14. Nd5 Nxd5
15. Bxd5 Qa5 16. Bd4 Be6 17. Bxg7 Kxg7 18. Kb1 Bxd5 19. Qxd5 Rc5 20. Qb3 Rfc8
21. Rd5 Qb6 22. Qe3 Qc7 23. Rxc5 dxc5 24. c4 Rd8 25. h4 Qg3 26. Qxc5 Qxg2 27.
Qe5+ Kg8 28. Qh2 Qxf3 0-1

[Event "Copenhagen Chess Challenge 2014"]
[Site "Ballerup"]
[Date "2014.05.18"]
[Round "9"]
[White "Stefansson, Hannes"]
[Black "Ziska, Helgi Dam"]
[Result "1/2-1/2"]
[WhiteElo "2548"]
[BlackElo "2491"]
[PlyCount "125"]
[EventDate "2014.??.??"]
[EventType "swiss"]
[EventRounds "9"]
[EventCountry "DEN"]

1. d4 Nf6 2. c4 g6 3. Nf3 Bg7 4. g3 O-O 5. Bg2 d6 6. O-O Nc6 7. Nc3 Bg4 8. h3
Bxf3 9. Bxf3 Nd7 10. e3 e5 11. Ne2 Qf6 12. Bg2 exd4 13. Bxc6 bxc6 14. Nxd4 c5
15. Nb5 Rfc8 16. Kg2 Qe6 17. Qc2 c6 18. Na3 d5 19. Bd2 Rab8 20. Rab1 Rb6 21.
Rfe1 Qe4+ 22. Qxe4 dxe4 23. b4 Ra6 24. Rb3 cxb4 25. Bxb4 Bf8 26. Bxf8 Kxf8 27.
Reb1 Nc5 28. Rb8 Rxb8 29. Rxb8+ Kg7 30. Nc2 Rxa2 31. Nb4 Rb2 32. Nxc6 Rxb8 33.
Nxb8 a5 34. Nc6 a4 35. Nb4 a3 36. Kf1 h5 37. Ke2 h4 38. Na2 g5 39. gxh4 gxh4
40. Kd2 Kf6 41. Nc3 Ke5 42. Kc2 f5 43. Nd1 f4 44. Kb1 f3 45. Ka2 Ne6 46. Nc3
Ng5 47. c5 Nxh3 48. Nxe4 Kd5 49. Kxa3 Ng1 50. Kb4 h3 51. Ng3 Ne2 52. Nh1 h2 53.
e4+ Kxe4 54. c6 Nd4 55. c7 Nc6+ 56. Kc4 Ne7 57. Ng3+ Kf4 58. Kd3 Kg4 59. Ke4
Nc8 60. Nh1 Ne7 61. Ng3 Nc8 62. Nh1 Ne7 63. Ng3 1/2-1/2

[Event "Copenhagen Chess Challenge 2014"]
[Site "Ballerup"]
[Date "2014.05.18"]
[Round "9"]
[White "Subramanian, Aditya"]
[Black "Jacobsen, Mikkel Manosri"]
[Result "0-1"]
[WhiteElo "1845"]
[BlackElo "2113"]
[PlyCount "62"]
[EventDate "2014.??.??"]
[EventType "swiss"]
[EventRounds "9"]
[EventCountry "DEN"]

1. d4 Nf6 2. Nf3 d5 3. e3 Bf5 4. c4 e6 5. Nc3 c6 6. Bd3 Bg6 7. Ne5 Nbd7 8. Bxg6
hxg6 9. Nxd7 Qxd7 10. cxd5 exd5 11. Qf3 Qf5 12. Qxf5 gxf5 13. O-O Bd6 14. g3
Ng4 15. h4 Kd7 16. Kg2 Rae8 17. Bd2 f6 18. Rae1 g5 19. f3 gxh4 20. fxg4 Bxg3
21. Rxf5 Bxe1 22. Bxe1 Rxe3 23. Bf2 Rd3 24. Rh5 h3+ 25. Kh2 Rg8 26. Rxh3 Rd2
27. Rf3 Rxg4 28. Rxf6 Rgxd4 29. Kh3 R4d3+ 30. Kg4 Rxb2 31. Rf3 Rxc3 0-1

[Event "Copenhagen Chess Challenge 2014"]
[Site "Ballerup"]
[Date "2014.05.18"]
[Round "9"]
[White "Vesterli, Michael E"]
[Black "Sorensen, Per Settergren"]
[Result "1/2-1/2"]
[WhiteElo "2107"]
[BlackElo "2021"]
[PlyCount "131"]
[EventDate "2014.??.??"]
[EventType "swiss"]
[EventRounds "9"]
[EventCountry "DEN"]

1. d4 Nf6 2. c4 e6 3. Nc3 d5 4. Nf3 Be7 5. Bg5 h6 6. Bh4 O-O 7. e3 b6 8. Qc2
Bb7 9. cxd5 Nxd5 10. Bxe7 Qxe7 11. Rc1 Rc8 12. Be2 c5 13. Nxd5 exd5 14. O-O Nd7
15. Qf5 c4 16. Qf4 b5 17. Nh4 Rc6 18. Nf5 Qf8 19. Rc2 Re8 20. Bf3 Nf6 21. a3
Kh7 22. h4 g6 23. Ng3 Qd6 24. Ne2 Qxf4 25. Nxf4 Rd6 26. g3 Re7 27. Bg2 Kg7 28.
Ne2 Rb6 29. Ra1 Bc6 30. Nc3 a5 31. Rcc1 a4 32. Na2 Bb7 33. Re1 Rd6 34. Re2 Ne8
35. Kf1 Nc7 36. Ke1 f5 37. Kd2 Na6 38. Kc3 Kf6 39. Nb4 Nc7 40. Nc2 Na6 41. Ne1
Bc6 42. Nf3 Rb7 43. Ne5 Be8 44. Ree1 b4+ 45. axb4 Rxb4 46. Reb1 Rb3+ 47. Kc2
Ke6 48. Bf3 Rdb6 49. Bd1 R3b4 50. Ra2 Nc7 51. Kc3 Na6 52. Rba1 g5 53. hxg5 hxg5
54. Bc2 Nb8 55. Rh1 Nd7 56. Bxa4 Rxa4 57. Rxa4 Nxe5 58. Ra8 Rb3+ 59. Kc2 Nd3
60. Rxe8+ Kf7 61. Rhh8 Rxb2+ 62. Kd1 Nxf2+ 63. Ke1 Nd3+ 64. Kf1 c3 65. Ref8+
Kg6 66. Rfg8+ 1/2-1/2